Le servitù prediale nel Diritto Romano

Uloženo v:
Podrobná bibliografie
Hlavní autor: Biondi, Biondo
Médium: Kniha
Jazyk:italština
Vydáno: Milano, Republica Italiana Dott. A. Giuffrè 1969
Vydání:Segunda edición
Témata:
Tagy: Přidat tag
Žádné tagy, Buďte první, kdo vytvoří štítek k tomuto záznamu!

MARC

LEADER 00000nam a2200000 a 4500
001 UCR1001
003 CL-VaPUC
005 20220111074313.0
008 971205e19690000IT |||||||||||||||||ita|d
999 |c 264496  |d 264494 
040 |c Pontificia Universidad Católica de Valparaíso 
082 0 4 |a 340.54 BIO 1969  |2 21 
100 0 |a Biondi, Biondo  |9 397722 
245 1 3 |a Le servitù prediale nel Diritto Romano 
250 |a Segunda edición 
260 |a Milano, Republica Italiana  |b Dott. A. Giuffrè  |c 1969 
300 |a 366 páginas 
583 |a last modification  |c 19971205 00:00:00  |k Rodrigo Vera 
650 0 |a Derecho romano  |9 255930 
650 0 |a Bienes  |9 255749 
650 0 |a Derecho Real  |9 390880 
650 7 |a LEGITIMACION  |2 CL-VaPUC  |9 256327 
650 0 |a Tutela  |9 259125 
942 |c BK  |2 ddc 
945 |d 19971205 00:00:00  |a aolguin 
952 |0 0  |1 0  |4 0  |6 340_540000000000000_BIO_1969  |7 0  |8 DER_ROM  |9 294779  |a BIBDER  |b BIBDER  |d 2019-11-19  |i 1909932  |l 1  |o 340.54 BIO 1969  |p 1909932  |r 2023-01-25  |s 2020-03-17  |w 2019-11-19  |x Ubicación 4to piso  |y BK  |z Este recurso debe solicitarse con anticipación  |k DER